Control de movimiento de robots manipuladores

Spremljeno u:
Bibliografski detalji
Glavni autori: Kelly, Rafael (Autor), Santibáñez, Víctor (Autor)
Format: Knjiga
Jezik:španjolski
Izdano: Madrid Pearson Educación 2003
Teme:
Oznake: Dodaj oznaku
Bez oznaka, Budi prvi tko označuje ovaj zapis!

MARC

LEADER 00000nam a2200000 a 4500
001 UCL2297
003 CL-VaPUC
008 031017e20030000SP |||||||||||||||||spa|d
020 |a 8420538310 
082 0 4 |a 629.892  |b KEL  |2 21 
100 0 |a Kelly, Rafael  |e author  |9 479382 
700 0 |a Santibáñez, Víctor  |e author  |9 479383 
245 1 0 |a Control de movimiento de robots manipuladores 
300 |a 323 p 
942 |c BK 
945 |d 20031017 00:00:00  |a cmena 
260 |a Madrid  |b Pearson Educación  |c 2003 
650 0 |a Robótica   |9 263360 
650 0 |a Control automático  |9 259890 
650 0 |a Servomecanismos  |9 260343 
583 |a last modification  |c 20031017 00:00:00  |k Rodrigo Vera 
999 |c 305641  |d 305639 
952 |0 0  |1 0  |4 0  |6 629_892000000000000_KEL_2003  |7 0  |8 A  |9 369805  |a BIBING  |b BIBING  |d 2019-11-21  |i 3952665  |o 629.892 KEL 2003  |p 3952665  |r 2025-01-20  |w 2019-11-21  |y BK  |k EIE 
952 |0 0  |1 0  |4 0  |6 629_892000000000000_KEL_2003  |7 0  |8 A  |9 369806  |a BIBING  |b BIBING  |d 2019-11-21  |i 4296907  |o 629.892 KEL 2003  |p 4296907  |r 2023-03-02  |w 2019-11-21  |y BK  |k EIE 
952 |0 0  |1 0  |4 0  |6 629_892000000000000_KEL_2003  |7 0  |8 A  |9 369807  |a BIBING  |b BIBING  |d 2019-11-21  |i 4385470  |o 629.892 KEL 2003  |p 4385470  |r 2025-01-20  |w 2019-11-21  |y BK  |k EIE 
952 |0 0  |1 0  |4 0  |6 629_892000000000000_KEL_2003  |7 0  |8 A  |9 369808  |a BIBING  |b BIBING  |d 2019-11-21  |i 4385489  |o 629.892 KEL 2003  |p 4385489  |r 2025-01-20  |w 2019-11-21  |y BK  |k EIE